000 00288nam a22001337a 4500
008 210507b ||||| |||| 00| 0 eng d
041 _aeng
080 _a7
082 _a7
100 _a44
101 _aART
245 _aSketching and Painting out of Doors
_cHill,A
942 _2udc
_cBK
999 _c57111
_d57111